| Tag |
First Indicator |
Second Indicator |
Subfields |
| LEADER |
00000cam a2200000 a 4500 |
| 001 |
in00002168331 |
| 006 |
m e d # |
| 007 |
cr mn mmmmabba |
| 008 |
820614s1800 mau s 000 0 eng d |
| 005 |
20260330213331.7 |
| 035 |
|
|
|z w027326
|
| 035 |
|
|
|a MAAR8206141801B
|
| 035 |
|
|
|9 mwa91-29709
|
| 035 |
|
|
|a 338981
|
| 035 |
|
|
|a aas03027326
|
| 040 |
|
|
|a MWA
|c MWA
|e bdrb
|d UtOrBLW
|
| 100 |
1 |
|
|a Judson, Ephraim,
|d 1737-1813.
|
| 245 |
1 |
0 |
|a Advantages of going to the house of mourning :
|b A sermon delivered in Sheffas printed], at the funeral of Major-General John Ashley, Esq. November 7, 1799. /
|c By Ephraim Judson, A.M. Pastor of the Church of Christ in Sheffield.
|
| 264 |
|
3 |
|a Stockbridge [Mass.] :
|b Printed at the office of Horatio Jones & Co. by H. Willard,
|c 1800.
|
| 300 |
|
|
|a 32 pages ;
|c 17 cm. (octavo)
|
| 336 |
|
|
|a text
|b txt
|2 rdacontent
|
| 337 |
|
|
|a computer
|b c
|2 rdamedia
|
| 338 |
|
|
|a online resource
|b cr
|2 rdacarrier
|
| 500 |
|
|
|a Half-title: Mr. Judson's funeral sermon.
|
| 510 |
4 |
|
|a Evans
|c 37712
|
| 530 |
|
|
|a Microform version available in the Readex Early American Imprints series.
|
| 533 |
|
|
|a Electronic text and image data.
|b [Chester, Vt. :
|c Readex, a division of Newsbank, Inc.,
|d 2002-2004.
|e Includes files in TIFF, GIF and PDF formats with inclusion of keyword searchable text.
|f (Early American imprints. First series ; no. 37712).
|
| 500 |
|
|
|a Electronic resource.
|
| 600 |
1 |
0 |
|a Ashley, John,
|d 1736-1799.
|
| 655 |
|
7 |
|a Funeral sermons
|y 1799.
|2 rbgenr
|
| 752 |
|
|
|a United States
|b Massachusetts
|d Stockbridge.
|
| 830 |
|
0 |
|a Early American imprints.
|n Series I,
|p Evans (1639-1800) ;
|v no. 37712.
|
| 856 |
4 |
1 |
|u http://proxy.library.tamu.edu/login?url=https://opac.newsbank.com/select/evans/37712
|y Evans Digital Edition
|t 0
|
| 999 |
|
|
|a MARS
|
| 999 |
f |
f |
|s 57d128b2-7367-3c8f-8584-d3c9151dad6e
|i 3955ee1b-1595-3f5e-9c45-e16c6a9462c4
|t 0
|
| 952 |
f |
f |
|a Texas A&M University
|b College Station
|c Electronic Resources
|s www_evans
|d Available Online
|t 0
|h No information provided
|
| 998 |
f |
f |
|t 0
|l Available Online
|